Odpowiedzi kończące się na B - Statystyki

Ogólne statystyki
  • Ten quiz został rozwiązany 4 394 razy
  • Średni wynik to 14 z 20
Statystyki odpowiedzi
Wskazówka Odpowiedź % Poprawnych
Imię Błaszczykowskiego i Wojewódzkiego Jakub
96%
Jezus według Ewangelii zamienił to w swoje ciało Chleb
93%
Część ciała będąca przedmiotem zainteresowania stomatologów Ząb
93%
Miejsce spoczynku zmarłego Grób
90%
Stolica Chorwacji Zagrzeb
89%
Mięso z kurczaka, indyka, kaczki itp. Drób
88%
Bardzo często spotykany w miastach gatunek ptaka Gołąb
84%
Król drzew Dąb
83%
Grube drzewo spotykane głównie na Madagaskarze Baobab
79%
Znak X na mapie oznacza miejsce jego wystąpienia Skarb
79%
Tarcza miast i niektórych państw Herb
71%
Może być nocny, golfowy lub poselski Klub
70%
Syn partnera/partnerki z jego/jej poprzedniego związku Pasierb
69%
Radziecki odpowiednik amerykańskiej CIA KGB
68%
Pustynia rozciągająca się wzdłuż wybrzeża Namibii (skup się na tym!) Namib
60%
Islamskie nakrycie głowy dla kobiet Hidżab
55%
Dziesięcionożna istota spotykana w morzu lub na lądzie Krab
53%
W Anglii miejsca tego typu często mają w nazwie "Red Lion" i "George and Dragon" Pub
48%
Jednostka ładunku elektrycznego w układzie SI Kulomb
32%
Region, do którego należą Algieria, Libia, Mauretania, Maroko i Tunezja Magreb
23%
Nie znaleziono quizów pasujących do podanych kryteriów
Rozkład punktacji
Procent ludzi z każdym wynikiem
Percentyl według liczby udzielonych odpowiedzi
Twoja historia wyników
Nie rozwiązałeś tego quizu